Catalog

Record Details

Catalog Search



Inclusion: how to : essential classroom strategies  Cover Image Book Book

Inclusion: how to : essential classroom strategies / Gary Owen Bunch

Record details

  • ISBN: 1-895418-42-9
  • Physical Description: 145 s. ; 28 cm
  • Publisher: Toronto : Inclusion Press, 1999

Content descriptions

Bibliography, etc. Note:
Obsahuje bibliografické odkazy
Subject: integrovaná výchova a vzdělávání

Available copies

  • 1 of 1 copy available at Common Catalog SPOK.

Holds

  • 0 current holds with 1 total copy.
Show Only Available Copies
Location Call Number / Copy Notes Barcode Shelving Location Status Due Date
Varianty IKV Bu 4605400604 Šafaříkova 17 - 5. patro, IKV Available -

LDR 00764pam a2200229 a 4500
00131406
003CZ-PrJAB
00520190329141553.0
008990208s1999 xxc b 000 0 eng c
020 . ‡a1-895418-42-9 ‡q(brož.)
035 . ‡a(CZ PrSKC)0135277
040 . ‡aCaOTU ‡beng ‡cCaOTU ‡dCaOONL ‡dULD001
072 7. ‡a37 ‡xVýchova a vzdělávání ‡2Konspekt ‡922
080 . ‡a37.043.2 ‡2MRF
1001 . ‡aBunch, Gary Owen, ‡d1938- ‡7xx0115450 ‡4aut
24510. ‡aInclusion: ‡bhow to : essential classroom strategies / ‡cGary Owen Bunch
260 . ‡aToronto : ‡bInclusion Press, ‡c1999
300 . ‡a145 s. ; ‡c28 cm
504 . ‡aObsahuje bibliografické odkazy
650 7. ‡aintegrovaná výchova a vzdělávání ‡7ph121132 ‡2czenas
910 . ‡aABH006
901 . ‡a31406 ‡b ‡c31406 ‡tbiblio

Additional Resources